| 000 | 01313nam a2200361 4500 | ||
|---|---|---|---|
| 001 | 59606 | ||
| 003 | CO-BoRNBP | ||
| 005 | 20251024144442.0 | ||
| 007 | ta | ||
| 008 | 250201s2024 ck a|||br|||| 00| jdspa d | ||
| 020 | _a9789585675094 | ||
| 040 |
_aCO-BoRNBP _bspa _erda _cCO-BoRNBP |
||
| 041 | 0 | _aspa | |
| 043 | _as-ck--- | ||
| 084 | _aC | ||
| 100 |
_aBernal Pinilla, Luis Darío, _d1950- _eaut _945198 |
||
| 245 | 1 | 3 |
_aEl caimán barbudo y otras historias / _cLuis Dario Bernal Pinilla ; ilustraciones de Roger Ycaza. |
| 250 | _aEdición especial | ||
| 264 | 1 |
_aBogotá, Colombia : _bInternational Learning Services, _c2024 |
|
| 300 |
_a93 páginas : _bilustraciones a color |
||
| 336 |
_atexto _btxt _2rdacontenido |
||
| 337 |
_asin mediación _bn _2rdamedio |
||
| 338 |
_avolumen _bnc _2rdasoporte |
||
| 521 | _aRecomendado para un público infantil a partir de los 6 años | ||
| 650 | 0 | 4 |
_aCuentos infantiles colombianos _ySiglo XX _2LEMB _92372 |
| 650 | 0 | 7 |
_aDepresión Momposina (Colombia) _xHistoria _2lemb _965672 |
| 650 | 0 | 7 |
_aHumorismo en la lieratura _2lemb _965968 |
| 650 | 0 | 7 |
_aTravesuras en la literatura _2lemb |
| 650 | 0 | 4 |
_aLiteratura infantil colombiana _ySiglo XX _2LEMB _9364 |
| 651 | 0 |
_aLa Mojana (Región, Colombia) _965673 |
|
| 700 |
_aYcaza, Roger _d1977- _eill |
||
| 942 |
_2loc _cBKLITI _n0 |
||
| 999 |
_c59606 _d59606 |
||